| 000 | 00628cam a2200217 a 4500 | ||
|---|---|---|---|
| 001 | 000007753 | ||
| 005 | 20200929154304.0 | ||
| 008 | 920827s1993 sp 000 1 spa d | ||
| 020 | _a8432231037 | ||
| 040 |
_aDO-SdBNP _dBNPHU |
||
| 082 |
_a863.64 _bU49n |
||
| 100 | 1 |
_aUmbral, Francisco. _95877 |
|
| 245 | 1 | 0 |
_aNada en el domingo / _cFrancisco Umbral. |
| 260 |
_aBarcelona : _bSeix Barral, _c1993. |
||
| 300 |
_a140 p. ; _c19 cm. |
||
| 490 | 1 | _aBiblioteca de Bolsillo | |
| 650 | 4 |
_aNovela española _91123 |
|
| 650 | 4 |
_aLiteratura española _9632 |
|
| 830 | 0 |
_aBiblioteca de Bolsillo _95816 |
|
| 910 | _aCatalogación derivada | ||
| 999 |
_c7531 _d7531 |
||